000 00248nam a22000977a 4500
999 _c16173
_d16173
003 OSt
008 200615b ||||| |||| 00| 0 eng d
100 _aKathleen Coburn
_94593
245 _aThe Notebooks of Samuel Taylor Coleridge, Volume.1
942 _cBK